[Event "Vecindario Montalvo Memorial 16th"]
[Site "Vecindario"]
[Date "2024.03.29"]
[Round "7"]
[White "Grube, Kurt Heinz"]
[Black "Lopez Pereyra, Antonio"]
[Result "0-1"]
[WhiteElo "1773"]
[BlackElo "2069"]
[PlyCount "98"]
[EventDate "2024.03.23"]
[EventType "swiss"]
[EventRounds "9"]
[EventCountry "ESP"]
[SourceTitle "CB15_2024"]
[SourceDate "2024.04.10"]
[SourceVersion "1"]
[SourceVersionDate "2024.04.10"]
[SourceQuality "1"]

1. c4 d6 2. d4 f5 3. Nc3 Nf6 4. Nf3 e6 5. Qc2 d5 6. e3 c6 7. Be2 Bd6 8. Ne5 0-0 9. c5 Bc7 10. b4 Ne4 11. 0-0 Nd7 12. f4 Nxe5 13. dxe5 b6 14. Nxe4 fxe4 15. cxb6 Bxb6 16. Qxc6 Bd7 17. Qd6 Rc8 18. b5 Rc2 19. Bg4 Qc8 20. Kh1 Re8 21. a4 Bc5 22. Qa6 d4 23. exd4 Qxa6 24. bxa6 Bxd4 25. Rb1 Rec8 26. h3 h5 27. Bxh5 e3 28. Rd1 e2 29. Bxe2 Rxe2 30. Rxd4 Bc6 31. Rd2 Re1+ 32. Kh2 Be4 33. Rb4 Rcxc1 34. Rdd4 Bc6 35. Rd2 Kh7 36. Rbd4 Kg6 37. g4 Re3 38. Rd1 Rcc3 39. f5+ Kg5 40. fxe6 Rxh3+ 41. Kg1 Rcg3+ 42. Kf1 Rf3+ 43. Kg1 Rfg3+ 44. Kf1 Rg2 45. Rd5 Bxd5 46. Rxd5 Rb2 47. Kg1 Rc3 48. Rd1 Re3 49. e7 Rxe5 0-1

[Event "ESP-chT Rapid"]
[Site "Toledo"]
[Date "2022.09.24"]
[Round "1"]
[White "Lopez Pereyra, Antonio"]
[Black "Ibarra Jerez, Jose Carlos"]
[Result "0-1"]
[WhiteElo "1976"]
[BlackElo "2570"]
[PlyCount "58"]
[EventDate "2022.09.24"]
[EventType "team-swiss (rapid)"]
[EventRounds "9"]
[EventCountry "ESP"]
[SourceTitle "CBM 210 Extra"]
[Source "ChessBase"]
[SourceDate "2022.11.30"]
[SourceVersion "1"]
[SourceVersionDate "2022.11.30"]
[SourceQuality "1"]
[WhiteTeam "Rey Ahogado"]
[BlackTeam "Costa Calida"]
[WhiteTeamCountry "ESP"]
[BlackTeamCountry "ESP"]

1. e4 c5 2. b3 g6 3. Bb2 Nf6 4. e5 Nd5 5. h4 Bg7 6. h5 Nc6 7. Nf3 d6 8. Bb5 0-0 9. Bxc6 bxc6 10. c4 Nf4 11. Kf1 Nd3 12. Bc3 dxe5 13. Qe2 Bf5 14. Kg1 Qd6 15. g3 Bg4 16. Rh4 gxh5 17. Qe3 Bh6 18. Qe2 f6 19. Na3 Rad8 20. Nc2 Bg5 21. Rxg4 hxg4 22. Nh2 h5 23. Ne3 f5 24. Rf1 e4 25. Ng2 e5 26. Nh4 Bxh4 27. gxh4 Nf4 28. Qe3 Qe7 29. Re1 Rd3 0-1

[Event "La Palma Island op"]
[Site "Santa Cruz de La Palma"]
[Date "2022.08.08"]
[Round "4"]
[White "Martinez Duany, Lelys Stanley"]
[Black "Lopez Pereyra, Antonio"]
[Result "1-0"]
[WhiteElo "2511"]
[BlackElo "1989"]
[PlyCount "105"]
[EventDate "2022.08.06"]
[EventType "swiss"]
[EventRounds "9"]
[EventCountry "ESP"]
[SourceTitle "CBM 209 Extra"]
[Source "ChessBase"]
[SourceDate "2022.09.30"]
[SourceVersion "1"]
[SourceVersionDate "2022.09.30"]
[SourceQuality "1"]

1. e4 c5 2. Ne2 Nc6 3. g3 d5 4. Bg2 dxe4 5. Bxe4 Nf6 6. Bg2 Bg4 7. h3 Bh5 8. d3 e6 9. Nbc3 Be7 10. Be3 0-0 11. g4 Bg6 12. Nf4 Nd7 13. Nxg6 hxg6 14. h4 Bf6 15. g5 Bd4 16. h5 Bxe3 17. fxe3 Qxg5 18. Qe2 Qg3+ 19. Kd2 c4 20. d4 Qg5 21. Bxc6 bxc6 22. Rag1 Qf5 23. hxg6 fxg6 24. Rf1 Qg5 25. Qh2 Nf6 26. Rxf6 Rxf6 27. Ne4 Qa5+ 28. c3 Qh5 29. Nxf6+ gxf6 30. Qg2 Qf5 31. Kc1 Rd8 32. b3 c5 33. Qh2 Qh5 34. Qxh5 gxh5 35. dxc5 cxb3 36. axb3 Rd5 37. b4 Kf7 38. Kc2 Kg6 39. e4 Rd7 40. Rg1+ Kh6 41. c6 Rc7 42. b5 h4 43. Kd3 f5 44. Ke3 Kh5 45. exf5 exf5 46. Kf4 h3 47. Rg8 Kh6 48. Rh8+ Kg7 49. Rxh3 Kg6 50. c4 Re7 51. Re3 Rxe3 52. Kxe3 Kf6 53. c7 1-0

[Event "Tenerife-chT Preferente"]
[Site "Tenerife"]
[Date "2022.05.14"]
[Round "12.2"]
[White "Martin Hernandez, Jonas David"]
[Black "Lopez Pereyra, Antonio"]
[Result "0-1"]
[WhiteElo "1892"]
[BlackElo "2029"]
[PlyCount "59"]
[EventDate "2022.01.29"]
[EventType "team-tourn"]
[EventRounds "14"]
[EventCountry "ESP"]
[SourceTitle "EXT 2024"]
[Source "ChessBase"]
[SourceDate "2023.10.10"]
[SourceVersion "1"]
[SourceVersionDate "2023.10.10"]
[SourceQuality "1"]
[WhiteTeam "Piratas La Orotava"]
[BlackTeam "Rey Ahogado"]
[WhiteTeamCountry "ESP"]
[BlackTeamCountry "ESP"]

1. e4 d6 2. d4 g6 3. Nf3 Bg7 4. h3 Nd7 5. Be2 Ngf6 6. Nc3 e5 7. dxe5 dxe5 8. 0-0 0-0 9. Be3 c6 10. Nd2 Qe7 11. Nc4 Ne8 12. a4 f5 13. exf5 gxf5 14. f4 Kh8 15. Qd2 Nc7 16. Qd6 Qxd6 17. Nxd6 exf4 18. Bxf4 Ne6 19. Bg3 f4 20. Bh4 Ne5 21. Rae1 Nd4 22. Bd1 Be6 23. Be7 f3 24. Bxf8 Rxf8 25. Nce4 Rg8 26. g4 h5 27. c3 hxg4 28. cxd4 Nd3 29. Nf6 Nxe1 30. Nxg8 0-1

[Event "Tenerife-ch"]
[Site "Santa Cruz"]
[Date "2022.05.11"]
[Round "9"]
[White "Lopez Pereyra, Antonio"]
[Black "Perez Perez, Gabriel"]
[Result "0-1"]
[WhiteElo "2029"]
[BlackElo "2202"]
[PlyCount "96"]
[EventDate "2022.04.20"]
[EventType "swiss"]
[EventRounds "9"]
[EventCountry "ESP"]
[SourceTitle "EXT 2023"]
[Source "ChessBase"]
[SourceDate "2022.10.05"]
[SourceVersion "1"]
[SourceVersionDate "2022.10.05"]
[SourceQuality "1"]

1. e4 c5 2. Nf3 Nc6 3. d4 cxd4 4. Nxd4 e5 5. Nb5 a6 6. Nd6+ Bxd6 7. Qxd6 Qf6 8. Qd1 Qg6 9. Nc3 d5 10. Nxd5 Qxe4+ 11. Be3 Nd4 12. Nc7+ Ke7 13. Rc1 Bg4 14. Qd3 Qxd3 15. cxd3 Rd8 16. h3 Bd7 17. f4 f6 18. Bxd4 exd4 19. Nd5+ Ke6 20. Nb6 Bc6 21. Kf2 Ne7 22. Be2 Kf7 23. Bd1 Rhe8 24. Bb3+ Kf8 25. Rhe1 Nf5 26. g4 Ne3 27. Rc5 Re7 28. f5 g6 29. Rg1 Re5 30. Rxe5 fxe5 31. Be6 Ke7 32. b4 Rf8 33. Bb3 gxf5 34. g5 Kd6 35. a4 e4 36. h4 Ng4+ 37. Ke1 e3 38. h5 Be8 39. h6 Bg6 40. Ke2 Nf2 41. Nc4+ Ke7 42. Ne5 Bh5+ 43. Ke1 Rc8 44. Kf1 Rc1+ 45. Kg2 Rxg1+ 46. Kxg1 Nh3+ 47. Kf1 e2+ 48. Ke1 Nf4 0-1

[Event "Tenerife-ch"]
[Site "Santa Cruz"]
[Date "2022.05.04"]
[Round "7"]
[White "Nuevo Cabezas, Antonio"]
[Black "Lopez Pereyra, Antonio"]
[Result "0-1"]
[WhiteElo "1314"]
[BlackElo "2029"]
[PlyCount "94"]
[EventDate "2022.04.20"]
[EventType "swiss"]
[EventRounds "9"]
[EventCountry "ESP"]
[SourceTitle "EXT 2023"]
[Source "ChessBase"]
[SourceDate "2022.10.05"]
[SourceVersion "1"]
[SourceVersionDate "2022.10.05"]
[SourceQuality "1"]

1. e4 c5 2. c4 Nc6 3. Nc3 g6 4. Nf3 Bg7 5. Be2 d6 6. h3 e5 7. d3 h6 8. Bd2 Be6 9. a3 Nge7 10. Qc2 0-0 11. 0-0 f5 12. Qc1 f4 13. Qd1 a6 14. Rb1 Qd7 15. Kh2 g5 16. Ng1 Nd4 17. Bh5 b5 18. cxb5 axb5 19. Nce2 Bb3 20. Qe1 Bc2 21. Rc1 Bxd3 22. f3 c4 23. Rf2 d5 24. Nxd4 exd4 25. e5 Qe6 26. Bb4 Bxe5 27. Rd2 Rfc8 28. Ne2 Nc6 29. Bc5 Qf6 30. Bg4 Rc7 31. Bb6 Re7 32. Bc5 Bd6 33. Bxd6 Qxd6 34. Qf2 Re3 35. Ng1 Rae8 36. h4 Kg7 37. Bh5 R8e7 38. Bg4 Na5 39. Rcd1 Nb3 40. Rxd3 Rxd3 41. Qc2 Rxd1 42. Qxd1 d3 43. h5 Qe5 44. Qb1 Qe1 45. Qa2 Qg3+ 46. Kh1 Re1 47. a4 Qf2 0-1

[Event "Tenerife-ch"]
[Site "Santa Cruz"]
[Date "2022.04.22"]
[Round "2"]
[White "Amaya Garcia, Jose Jinosar"]
[Black "Lopez Pereyra, Antonio"]
[Result "0-1"]
[WhiteElo "1454"]
[BlackElo "2029"]
[PlyCount "33"]
[EventDate "2022.04.20"]
[EventType "swiss"]
[EventRounds "9"]
[EventCountry "ESP"]
[SourceTitle "EXT 2023"]
[Source "ChessBase"]
[SourceDate "2022.10.05"]
[SourceVersion "1"]
[SourceVersionDate "2022.10.05"]
[SourceQuality "1"]

1. e4 c5 2. Nf3 Nc6 3. d4 cxd4 4. Nxd4 Nf6 5. f3 e5 6. Nb3 d6 7. Be3 Be7 8. Be2 0-0 9. 0-0 Be6 10. c4 a5 11. a4 Nb4 12. Na3 Ne8 13. Rc1 Bd7 14. c5 Bxa4 15. Nb5 d5 16. exd5 Nxd5 17. Qd3 0-1

[Event "Tenerife-ch"]
[Site "Santa Cruz"]
[Date "2022.04.20"]
[Round "1"]
[White "Lopez Pereyra, Antonio"]
[Black "Gomez Mederos, Daniel"]
[Result "1-0"]
[WhiteElo "2029"]
[BlackElo "1216"]
[PlyCount "67"]
[EventDate "2022.04.20"]
[EventType "swiss"]
[EventRounds "9"]
[EventCountry "ESP"]
[SourceTitle "EXT 2023"]
[Source "ChessBase"]
[SourceDate "2022.10.05"]
[SourceVersion "1"]
[SourceVersionDate "2022.10.05"]
[SourceQuality "1"]

1. e4 c5 2. d4 cxd4 3. c3 dxc3 4. Nxc3 d6 5. Nf3 Nc6 6. Bc4 Nf6 7. e5 dxe5 8. Qxd8+ Nxd8 9. Nb5 Ne6 10. Bxe6 Bxe6 11. Nc7+ Kd8 12. Nxa8 e4 13. Nd4 Bc4 14. Bg5 e5 15. 0-0-0 Kc8 16. Nc2 Bd3 17. f3 Be7 18. fxe4 Bxe4 19. Rhe1 Bxg2 20. Rxe5 Bd8 21. Ne3 Bc6 22. Nf5 Kb8 23. Nd6 Rf8 24. Ne8 Nd7 25. Bxd8 Kxa8 26. Nc7+ Kb8 27. Re8 Rxe8 28. Nxe8 Kc8 29. Bh4 g6 30. Nd6+ Kc7 31. Nxf7 Kb6 32. Nd8 Bb5 33. b3 Nc5 34. Bf2 1-0

[Event "ESP-ch Seniors 50"]
[Site "Altea"]
[Date "2021.11.07"]
[Round "9"]
[White "Lopez Pereyra, Antonio"]
[Black "Cano Gimenez, Vicente"]
[Result "0-1"]
[WhiteElo "2031"]
[BlackElo "2191"]
[PlyCount "38"]
[EventDate "2021.10.31"]
[EventType "swiss"]
[EventRounds "9"]
[EventCountry "ESP"]
[SourceTitle "CBM 205 Extra"]
[Source "ChessBase"]
[SourceDate "2022.01.31"]
[SourceVersion "1"]
[SourceVersionDate "2022.01.31"]
[SourceQuality "1"]

1. e4 c5 2. Nf3 d6 3. d4 cxd4 4. Nxd4 Nf6 5. Nc3 g6 6. Bg5 Bg7 7. Bb5+ Nbd7 8. Qe2 a6 9. Bxd7+ Bxd7 10. 0-0-0 0-0 11. f4 Rc8 12. e5 Rxc3 13. bxc3 Nd5 14. Nb3 Nxc3 15. Qc4 Nxd1 16. exd6 Qb6 17. dxe7 Qe3+ 18. Nd2 Re8 19. Rxd1 Qa3+ 0-1

[Event "ESP-ch Seniors 50"]
[Site "Altea"]
[Date "2021.11.05"]
[Round "7"]
[White "Lopez Pereyra, Antonio"]
[Black "Blanco Sanchez, Jose Fernando"]
[Result "1/2-1/2"]
[WhiteElo "2031"]
[BlackElo "1981"]
[PlyCount "27"]
[EventDate "2021.10.31"]
[EventType "swiss"]
[EventRounds "9"]
[EventCountry "ESP"]
[SourceTitle "CBM 205 Extra"]
[Source "ChessBase"]
[SourceDate "2022.01.31"]
[SourceVersion "1"]
[SourceVersionDate "2022.01.31"]
[SourceQuality "1"]

1. e4 e5 2. Nf3 Nc6 3. Nc3 Nf6 4. Bb5 Bb4 5. d3 Nd4 6. Ba4 Qe7 7. 0-0 Nxf3+ 8. Qxf3 Bxc3 9. bxc3 0-0 10. Bg5 d6 11. Bxf6 Qxf6 12. Qxf6 gxf6 13. f4 c6 14. Bb3 1/2-1/2

[Event "Tenerife-ch"]
[Site "Santa Cruz"]
[Date "2021.05.31"]
[Round "5"]
[White "Lopez Pereyra, Antonio"]
[Black "Mamani Beltran, Daniel"]
[Result "1-0"]
[WhiteElo "2101"]
[BlackElo "1903"]
[PlyCount "129"]
[EventDate "2021.05.21"]
[EventType "swiss"]
[EventRounds "7"]
[EventCountry "ESP"]
[SourceTitle "CBM 203 Extra"]
[Source "ChessBase"]
[SourceDate "2021.09.30"]
[SourceVersion "1"]
[SourceVersionDate "2021.09.30"]
[SourceQuality "1"]

1. e4 c5 2. Nf3 Nc6 3. d4 cxd4 4. Nxd4 Nf6 5. Nc3 e5 6. Ndb5 d6 7. Nd5 Nxd5 8. exd5 Nb8 9. c4 a6 10. Nc3 f5 11. Be2 Nd7 12. 0-0 g6 13. f4 Qb6+ 14. Kh1 e4 15. Qc2 Bg7 16. Rb1 Qd4 17. Nd1 Qa7 18. b4 b6 19. Bb2 Nf6 20. Bd4 Bd7 21. Qb2 0-0 22. Ne3 h5 23. Rfc1 Rac8 24. Bd1 Rf7 25. a4 Qb7 26. Qa1 Ng4 27. Bxg4 fxg4 28. Bxg7 Rxg7 29. c5 Qc7 30. c6 Bf5 31. Qd4 Rb8 32. Nc4 Re7 33. Rb3 Kf7 34. b5 a5 35. Ne3 Rbe8 36. Nc4 Rb8 37. Re3 Qd8 38. Rce1 Re8 39. Nd2 g5 40. fxg5 Qxg5 41. Nxe4 Qf4 42. Qf6+ Kg8 43. Qxd6 Rxe4 44. Qxf4 Rxf4 45. d6 Rd8 46. d7 Bxd7 47. Rd1 Rf7 48. Kg1 Kf8 49. Red3 Ke8 50. Rd5 Rh7 51. Re1+ Re7 52. Red1 Rh7 53. Kf2 h4 54. Ke3 Re7+ 55. Kf4 Rf7+ 56. Kg5 h3 57. cxd7+ Rfxd7 58. Rxd7 Rxd7 59. Rxd7 Kxd7 60. gxh3 gxh3 61. Kh4 Kd6 62. Kxh3 Kc5 63. Kg4 Kb4 64. h4 Kxa4 65. h5 1-0

[Event "Tenerife U2200 1st"]
[Site "Tenerife"]
[Date "2021.02.06"]
[Round "6"]
[White "Lopez Pereyra, Antonio"]
[Black "Perez Perez, Gabriel"]
[Result "1-0"]
[WhiteElo "2025"]
[BlackElo "2151"]
[PlyCount "69"]
[EventDate "2021.01.23"]
[EventType "tourn"]
[EventRounds "7"]
[EventCountry "ESP"]
[SourceTitle "CBM 200 Extra"]
[Source "ChessBase"]
[SourceDate "2021.03.31"]
[SourceVersion "1"]
[SourceVersionDate "2021.03.31"]
[SourceQuality "1"]

1. e4 c6 2. d4 d5 3. e5 c5 4. dxc5 e6 5. Nf3 Bxc5 6. Bd3 Nc6 7. 0-0 Nge7 8. Bf4 Ng6 9. Bg3 Be7 10. Nbd2 Nb4 11. Nb3 Nxd3 12. cxd3 f5 13. exf6 gxf6 14. d4 0-0 15. Rc1 b6 16. Re1 Bd7 17. Qd2 Rf7 18. h4 Bf8 19. h5 Ne7 20. Nh4 Nc6 21. a3 a5 22. Rc3 a4 23. Nc1 Rg7 24. Ne2 Rg4 25. f3 Rxg3 26. Nxg3 f5 27. Qf4 Be7 28. Nhxf5 exf5 29. Nxf5 Bg5 30. Nh6+ Bxh6 31. Qxh6 Nxd4 32. Qd6 Bf5 33. Qg3+ Kf8 34. Qe5 Qh4 35. Qh8+ 1-0

[Event "Santa Cruz de Tenerife op 30th"]
[Site "Santa Cruz de Tenerife"]
[Date "2019.12.26"]
[Round "8"]
[White "Lopez Pereyra, Antonio"]
[Black "Remon Garcia, Jose Domingo"]
[Result "1-0"]
[WhiteElo "2027"]
[BlackElo "1891"]
[PlyCount "83"]
[EventDate "2019.12.13"]
[EventType "swiss"]
[EventRounds "9"]
[EventCountry "ESP"]
[SourceTitle "CBM 194 Extra"]
[Source "ChessBase"]
[SourceDate "2020.03.31"]
[SourceVersion "1"]
[SourceVersionDate "2020.03.31"]
[SourceQuality "1"]

1. e4 d5 2. exd5 Qxd5 3. Nc3 Qa5 4. d4 Nf6 5. Bc4 c6 6. Bd2 Bf5 7. Qe2 e6 8. Nd5 Qd8 9. Ne3 Bg6 10. 0-0-0 Be7 11. h4 h6 12. Nf3 Bh5 13. Rhg1 Ng4 14. Nf1 Bd6 15. d5 cxd5 16. Bxd5 Qe7 17. Qb5+ Nd7 18. Bxe6 Qxe6 19. Re1 Nge5 20. Nxe5 Bxe5 21. Ng3 Bg6 22. Rxe5 Qxe5 23. Re1 Qxe1+ 24. Bxe1 0-0-0 25. Ba5 Nb6 26. c4 Rd7 27. Nf1 Rc7 28. c5 Rc6 29. Bd2 a6 30. Qb4 Nd5 31. Qc4 Rd8 32. b4 Nc7 33. Ne3 Ne6 34. Nd5 Re8 35. a4 Kb8 36. Be3 Rcc8 37. Kb2 Rcd8 38. b5 axb5 39. axb5 f5 40. Bf4+ Nxf4 41. Qxf4+ Ka7 42. b6+ 1-0

[Event "Tenerife Verano op"]
[Site "Tenerife"]
[Date "2019.08.29"]
[Round "9"]
[White "Lopez Pereyra, Antonio"]
[Black "Kosov, Alexey"]
[Result "0-1"]
[WhiteElo "2054"]
[BlackElo "2207"]
[PlyCount "98"]
[EventDate "2019.07.29"]
[EventType "swiss"]
[EventRounds "9"]
[EventCountry "ESP"]
[SourceTitle "EXT 2020"]
[Source "ChessBase"]
[SourceDate "2019.10.17"]
[SourceVersion "1"]
[SourceVersionDate "2019.10.17"]
[SourceQuality "1"]

1. e4 c5 2. Nf3 d6 3. d4 cxd4 4. Nxd4 Nf6 5. Nc3 a6 6. Bc4 e6 7. Bb3 Be7 8. g4 h6 9. Rg1 g5 10. Be3 Nfd7 11. Qe2 Ne5 12. 0-0-0 Nbd7 13. Kb1 Nf8 14. h4 Nfg6 15. hxg5 hxg5 16. Nf5 Nf4 17. Bxf4 gxf4 18. Nxe7 f3 19. Qd2 Qxe7 20. Rh1 Rg8 21. g5 Bd7 22. Qd4 Bc6 23. a4 0-0-0 24. a5 Qc7 25. Qb4 Rxg5 26. Rh7 Rg6 27. Rdh1 Bd7 28. Rh8 Rgg8 29. Rxg8 Rxg8 30. Rh5 Bc6 31. Rh7 Rg1+ 32. Ka2 Kd7 33. Na4 Bxa4 34. Bxa4+ Ke7 35. Kb3 Rg5 36. Rh8 Nc6 37. Bxc6 Qxc6 38. e5 Kd7 39. Qf4 Qb5+ 40. Ka2 Qxa5+ 41. Kb3 Qb5+ 42. Ka3 Qa5+ 43. Kb3 Rf5 44. Qh4 Rxe5 45. c4 Qb6+ 46. Ka2 Qa5+ 47. Kb3 b5 48. Ra8 Qa4+ 49. Kc3 b4+ 0-1

[Event "Tenerife Verano op"]
[Site "Tenerife"]
[Date "2019.07.29"]
[Round "1"]
[White "Ferrer Herrera, David Francisco"]
[Black "Lopez Pereyra, Antonio"]
[Result "0-1"]
[WhiteElo "1466"]
[BlackElo "2054"]
[PlyCount "66"]
[EventDate "2019.07.29"]
[EventType "swiss"]
[EventRounds "9"]
[EventCountry "ESP"]
[SourceTitle "EXT 2020"]
[Source "ChessBase"]
[SourceDate "2019.10.17"]
[SourceVersion "1"]
[SourceVersionDate "2019.10.17"]
[SourceQuality "1"]

1. e4 c5 2. Nf3 Nc6 3. Nc3 d6 4. d4 cxd4 5. Nxd4 Nf6 6. Nxc6 bxc6 7. Bd3 e5 8. 0-0 Be7 9. Ne2 0-0 10. Ng3 d5 11. Re1 Qc7 12. a3 Rb8 13. c3 dxe4 14. Nxe4 Nxe4 15. Bxe4 f5 16. Bd3 e4 17. Bc4+ Kh8 18. b4 c5 19. b5 Bb7 20. Ra2 Bf6 21. Bd2 Rbd8 22. Qe2 f4 23. Qg4 Be5 24. h4 e3 25. Bc1 Bxc3 26. Rf1 exf2+ 27. Rfxf2 Bd4 28. Kh1 Bxf2 29. Rxf2 f3 30. Bb2 Rd1+ 31. Bf1 Rxf1+ 32. Rxf1 fxg2+ 33. Qxg2 Rxf1# 0-1

[Event "Ourense Campus 6th"]
[Site "Ourense"]
[Date "2019.07.03"]
[Round "4.6"]
[White "Espineira Gonzalez, Diego Adrian"]
[Black "Lopez Pereyra, Antonio"]
[Result "1-0"]
[WhiteElo "2361"]
[BlackElo "2054"]
[PlyCount "55"]
[EventDate "2019.07.01"]
[EventType "swiss"]
[EventRounds "9"]
[EventCountry "ESP"]
[SourceTitle "EXT 2024"]
[Source "ChessBase"]
[SourceDate "2023.10.10"]
[SourceVersion "1"]
[SourceVersionDate "2023.10.10"]
[SourceQuality "1"]

1. d4 f5 2. Nf3 Nf6 3. g3 g6 4. Bg2 Bg7 5. 0-0 0-0 6. c4 d6 7. Nc3 Nc6 8. d5 Na5 9. Nd2 c5 10. Qc2 a6 11. a3 Bd7 12. Rb1 b5 13. cxb5 axb5 14. b4 cxb4 15. axb4 Rc8 16. bxa5 Ng4 17. Rb3 b4 18. Rxb4 Rxc3 19. Qa2 f4 20. Ne4 fxg3 21. hxg3 Rc7 22. f3 Qc8 23. Qa3 Rc2 24. a6 e6 25. a7 exd5 26. Rb8 dxe4 27. Rxc8 Rcxc8 28. fxg4 1-0

[Event "Sanxenxo Carlos op 11th"]
[Site "Sanxenxo"]
[Date "2019.06.28"]
[Round "7"]
[White "Romero Holmes, Alfonso"]
[Black "Lopez Pereyra, Antonio"]
[Result "1-0"]
[WhiteElo "2429"]
[BlackElo "2054"]
[PlyCount "71"]
[EventDate "2019.06.22"]
[EventType "swiss"]
[EventRounds "9"]
[EventCountry "ESP"]
[SourceTitle "CBM 191 Extra"]
[Source "ChessBase"]
[SourceDate "2019.09.30"]
[SourceVersion "1"]
[SourceVersionDate "2019.09.30"]
[SourceQuality "1"]

1. d4 f5 2. Nf3 Nf6 3. c4 g6 4. e3 Bg7 5. b4 0-0 6. Bb2 d6 7. Be2 Kh8 8. 0-0 Be6 9. Nbd2 Nbd7 10. a4 Bg8 11. Qc2 Qe8 12. a5 c5 13. bxc5 dxc5 14. Ne5 cxd4 15. exd4 Rc8 16. Bf3 Rc7 17. Nd3 g5 18. Rfe1 b5 19. axb6 Nxb6 20. Nc5 g4 21. Be2 Nh5 22. Bf1 e5 23. Na6 Rc6 24. dxe5 Nf4 25. Nb4 Rh6 26. e6 Bxe6 27. Bxg7+ Kxg7 28. Rxa7+ Kg8 29. Qc3 Rff6 30. Qe5 Nh5 31. Nd5 Nxd5 32. cxd5 g3 33. hxg3 f4 34. g4 Qd8 35. gxh5 Bf7 36. Ne4 1-0